000 00446nam a22001457a 4500
020 _a9788131785935
082 _a621.3 BAL
100 _aBali, Surinder PAl
245 _aElectrical technology: electrical fundamentals (Volume-I)
260 _aNew Delhi, India
_bPearson Education
_c2013
300 _axii, 592 p.
_bill. ;
500 _aIncludes index.
650 _a1. Optical communications. 2. Broadcasting. 3. Telecommunication.
942 _cBK
999 _c12609
_d12609